ბათუმის შოთა რუსთაველის სახელმწიფო უნივერსიტეტის ბიბლიოთეკა

Международные отношения : теории, конфликты, движения, организации : (ბიბ.ჩანაწერი № 54287)

000 -LEADER
fixed length control field 01287nam a2200289Ia 4500
001 - CONTROL NUMBER
control field 21343
003 - CONTROL NUMBER IDENTIFIER
control field GE_BSU
005 - DATE AND TIME OF LATEST TRANSACTION
control field 20210911152937.0
008 - FIXED-LENGTH DATA ELEMENTS--GENERAL INFORMATION
fixed length control field 181216s2017||||ru |||||||||||||| ||rus||
020 ## - INTERNATIONAL STANDARD BOOK NUMBER
International Standard Book Number 9785406055687
040 ## - CATALOGING SOURCE
Transcribing agency GE_BSU
041 ## - LANGUAGE CODE
Language code of text/sound track or separate title rus
080 ## - UNIVERSAL DECIMAL CLASSIFICATION NUMBER
Universal Decimal Classification number 327(075.8) М-43
245 ## - TITLE STATEMENT
Title Международные отношения : теории, конфликты, движения, организации :
Remainder of title Уч-к для высш. учебн. завед. /
Statement of responsibility, etc. П. А. Цыганкова, Л. О. Терновая, Лебедева А. В. и др. ; Под ред .П. А. Цыганкова и Л.О. Терновой.
250 ## - EDITION STATEMENT
Edition statement 4-е издание перераб. и дополн.
264 ## - PRODUCTION, PUBLICATION, DISTRIBUTION, MANUFACTURE, AND COPYRIGHT NOTICE
Place of production, publication, distribution, manufacture Москва :
Name of producer, publisher, distributor, manufacturer Кнорус,
Date of production, publication, distribution, manufacture, or copyright notice 2017.
300 ## - PHYSICAL DESCRIPTION
Extent 341 стр. ;
Dimensions 22 см.
440 ## - SERIES STATEMENT/ADDED ENTRY--TITLE
Title Бакалавриат
9 (RLIN) 12412
653 ## - INDEX TERM--UNCONTROLLED
keyword Международные отношения: теории, конфликты, движения, организации.
653 ## - INDEX TERM--UNCONTROLLED
keyword Политика
653 ## - INDEX TERM--UNCONTROLLED
keyword პოლიტიკა
700 ## - ADDED ENTRY--PERSONAL NAME
Personal name Цыганкова, П.А.
Titles and other words associated with a name Автор
9 (RLIN) 12454
700 ## - ADDED ENTRY--PERSONAL NAME
Personal name Терновая Л. О.
Titles and other words associated with a name Автор
9 (RLIN) 12455
700 ## - ADDED ENTRY--PERSONAL NAME
Personal name Лебедева А. В.
Titles and other words associated with a name Автор
9 (RLIN) 12456
942 ## - ADDED ENTRY ELEMENTS (KOHA)
Koha item type წიგნი
Source of classification or shelving scheme
ეგზემპლარები
Withdrawn status Lost status Source of classification or shelving scheme Damaged status Not for loan Permanent Location Current Location Shelving location Date acquired Cost, normal purchase price Full call number Barcode Date last seen Copy number Price effective from Koha item type Public note
          ბათუმის შოთა რუსთაველის სახელმწიფო უნივერსიტეტის მთავარი ბიბლიოთეკა ბათუმის შოთა რუსთაველის სახელმწიფო უნივერსიტეტის მთავარი ბიბლიოთეკა წიგნსაცავი 2018-12-17 96.00 327(075.8) М-43 55274 2018-12-17 55274 2018-12-17 წიგნი 96.00 GEL.